[Event "Landesliga U20 Sued 1718"]
[Site "Bayern"]
[Date "2018.03.10"]
[Round "6.3"]
[White "Goderbauer, Lukas"]
[Black "Schamberger, Stefan"]
[Result "0-1"]
[WhiteElo "1422"]
[BlackElo "1471"]
[PlyCount "104"]
[EventDate "2017.11.18"]
[EventType "team-tourn"]
[EventRounds "7"]
[EventCountry "GER"]
[SourceTitle "EXT 2022"]
[Source "ChessBase"]
[SourceDate "2021.10.06"]
[SourceVersion "1"]
[SourceVersionDate "2021.10.06"]
[SourceQuality "1"]
[WhiteTeam "Moosburg SC U20"]
[BlackTeam "Sendling SC U20"]
[WhiteTeamCountry "GER"]
[BlackTeamCountry "GE2"]

1. e4 e5 2. Nf3 Nc6 3. Bb5 d6 4. h3 Nf6 5. d3 h6 6. 0-0 a6 7. Ba4 b5 8. Bb3 Be6 9. Bxe6 fxe6 10. Re1 Be7 11. Nc3 Nd4 12. Be3 c5 13. Nh2 0-0 14. Rc1 d5 15. Ng4 b4 16. Na4 Nxg4 17. Qxg4 Rf6 18. c3 Qa5 19. Qd1 bxc3 20. Nxc3 Rd8 21. Qa4 Qb6 22. Qa3 Qb7 23. Ne2 dxe4 24. dxe4 Rb8 25. Bxd4 exd4 26. Qd3 Ra8 27. b3 a5 28. Qc4 Kh8 29. e5 Rg6 30. Nf4 Rg5 31. Qxe6 Rf8 32. Ng6+ Kh7 33. Nxf8+ Bxf8 34. g3 Qf3 35. Rc2 Qh5 36. Kg2 Qh4 37. Qf5+ Rxf5 38. gxh4 Kg6 39. Kg3 Kh5 40. Re4 Be7 41. Rf4 Rxe5 42. Rf7 Bd6 43. Kf3 Kxh4 44. Re2 Rg5 45. Re4+ Kxh3 46. Re6 Bb8 47. Rxg7 Rf5+ 48. Ke2 h5 49. f3 h4 50. Rg1 Bg3 51. Rf1 Kg2 52. Rh6 Re5+ 0-1

[Event "Landesliga U20 Sued 1718"]
[Site "Bayern"]
[Date "2017.11.18"]
[Round "1.3"]
[White "Schamberger, Stefan"]
[Black "Adam, Oliver"]
[Result "1-0"]
[WhiteElo "1471"]
[BlackElo "1416"]
[PlyCount "47"]
[EventDate "2017.11.18"]
[EventType "team-tourn"]
[EventRounds "7"]
[EventCountry "GER"]
[SourceTitle "EXT 2022"]
[Source "ChessBase"]
[SourceDate "2021.10.06"]
[SourceVersion "1"]
[SourceVersionDate "2021.10.06"]
[SourceQuality "1"]
[WhiteTeam "Sendling SC U20"]
[BlackTeam "Kriegshaber SK U20"]
[WhiteTeamCountry "GE2"]
[BlackTeamCountry "GER"]

1. e4 e5 2. Bc4 Nf6 3. Nc3 Nc6 4. Nf3 Bb4 5. d3 0-0 6. 0-0 Re8 7. Bg5 Bxc3 8. bxc3 Na5 9. Bb3 Nxb3 10. axb3 b6 11. Re1 Bb7 12. Qd2 h6 13. Bh4 d6 14. Kh1 g5 15. Nxg5 d5 16. exd5 Qxd5 17. Nf3 Ng4 18. h3 e4 19. hxg4 exf3 20. Qxh6 fxg2+ 21. Kg1 Qd6 22. Bf6 Qxf6 23. Qxf6 Kh7 24. f3 1-0